La Importancia de los modelos teóricos de la competitividad en el comercio internacional del café /
Guardat en:
| Autor principal: | |
|---|---|
| Format: | Text |
| Matèries: | |
| Etiquetes: |
Afegir etiqueta
Sense etiquetes, Sigues el primer a etiquetar aquest registre!
|
MARC
| LEADER | 00000 a a2200000 04500 | ||
|---|---|---|---|
| 001 | 5445 | ||
| 003 | |||
| 040 | |||
| 100 | |a Díaz Porras, Rafael A | ||
| 245 | |a La Importancia de los modelos teóricos de la competitividad en el comercio internacional del café / |c Rafael A Díaz Porras | ||
| 650 | |a CAFE | ||
| 650 | |a TEORIA | ||
| 650 | |a MODELOS | ||
| 650 | |a COMERCIO INTERNACIONAL | ||
| 650 | |a COMPETITIVIDAD | ||
| 650 | |a INDUSTRIA | ||
| 650 | |a POLITICA GUBERNAMENTAL | ||
| 773 | |g número 7; páginas 21-38 | ||
| 999 | |c 25638 |d 25638 | ||
